| 000 | 00937nam a22002297a 4500 | ||
|---|---|---|---|
| 003 | 0 | ||
| 005 | 20251104094022.0 | ||
| 008 | 251104b xxu||||| |||| 00| 0 eng d | ||
| 020 | _a978-0-06-297362-7 | ||
| 050 |
_aBF 575.G7 _b.O43 2020 |
||
| 100 |
_aOlanow, Alessandra, _eauthor, _eillustrator. |
||
| 245 |
_aI used to have a plan : _b but life had other ideas / _cAlessandra Olanow. |
||
| 260 |
_aNew York : _bHarper, an imprint of HarperCollins Publishers, _c2020. |
||
| 300 |
_a1 volume (unpaged) : _bcolor illustrations ; _c19 cm. |
||
| 500 | _aIllustrated reflections and advice on coping with life's unexpected changes and grief. | ||
| 504 | _aIncludes bibliographical references. | ||
| 650 |
_aResilience (Personality trait) _vPictorial works. |
||
| 650 |
_aLife change events _vPictorial works. |
||
| 650 |
_a Grief$ _xPsychological aspects _vPictorial works. |
||
| 650 |
_aConduct of life _vPictorial works. |
||
| 942 |
_2lcc _cBK |
||
| 999 |
_c368439 _d368439 |
||